Hong Kong's MTR Stations Quiz Stats

Quiz not verified by Sporcle

Challenge
Share
Tweet
Embed
Score 0/113 Timer 10:00
0 Plays Today
Hint Answer % Correct
Kwun Tong LineMong Kok
90.6%
Tsuen Wan LineMong Kok
90.6%
Tung Chung LineKowloon
89.4%
Airport ExpressKowloon
89.4%
Tsuen Wan LineAdmiralty
81.2%
Tsuen Wan LineCentral
81.2%
Island LineCentral
81.2%
Island LineAdmiralty
81.2%
South Island LineAdmiralty
81.2%
East Rail LineKowloon Tong
78.8%
Kwun Tong LinePrince Edward
78.8%
Kwun Tong LineKowloon Tong
78.8%
Tsuen Wan LinePrince Edward
78.8%
Island LineCauseway Bay
78.8%
Kwun Tong LineYau Ma Tei
77.6%
Tsuen Wan LineYau Ma Tei
77.6%
Tsuen Wan LineTsim Sha Tsui
77.6%
Island LineWan Chai
76.5%
Island LineQuarry Bay
76.5%
Tung Chung LineHong Kong
76.5%
Airport ExpressHong Kong
76.5%
Tseung Kwan O LineQuarry Bay
76.5%
Tsuen Wan LineJordan
75.3%
Island LineSheung Wan
75.3%
Island LineHKU
74.1%
Island LineNorth Point
74.1%
Tseung Kwan O LineNorth Point
74.1%
Island LineChai Wan
72.9%
Island LineKennedy Town
71.8%
Tsuen Wan LineTsuen Wan
70.6%
Tung Chung LineSunny Bay
69.4%
Airport ExpressAirport
69.4%
Disneyland Resort LineSunny Bay
69.4%
Kwun Tong LineDiamond Hill
68.2%
Kwun Tong LineKowloon Bay
67.1%
Tung Chung LineTsing Yi
67.1%
Airport ExpressTsing Yi
67.1%
Island LineTin Hau
65.9%
Hint Answer % Correct
Tung Chung LineOlympic
65.9%
Kwun Tong LineKwun Tong
64.7%
Tung Chung LineTung Chung
64.7%
Disneyland Resort LineDisneyland Resort
64.7%
Tsuen Wan LineLai King
63.5%
Island LineSai Ying Pun
63.5%
Tung Chung LineLai King
63.5%
East Rail LineUniversity
62.4%
Tsuen Wan LineSham Shui Po
62.4%
Island LineFortress Hill
62.4%
Island LineTai Koo
62.4%
East Rail LineMong Kok East
61.2%
East Rail LineHung Hom
61.2%
Kwun Tong LineWhampoa
61.2%
Kwun Tong LineShek Kip Mei
60%
Kwun Tong LineLok Fu
60%
Tung Chung LineNam Cheong
60%
Tseung Kwan O LineTseung Kwan O
60%
West Rail LineNam Cheong
60%
South Island LineOcean Park
60%
Kwun Tong LineHo Man Tin
58.8%
Kwun Tong LineChoi Hung
58.8%
Kwun Tong LineYau Tong
58.8%
Airport ExpressAsiaWorld-Expo
58.8%
Tseung Kwan O LineYau Tong
58.8%
East Rail LineLo Wu
57.6%
East Rail LineSha Tin
57.6%
Island LineSai Wan Ho
57.6%
West Rail LineEast Tsim Sha Tsui
57.6%
East Rail LineTai Po Market
56.5%
East Rail LineTai Wai
56.5%
Kwun Tong LineWong Tai Sin
56.5%
Kwun Tong LineNgau Tau Kok
56.5%
Tsuen Wan LineMei Foo
56.5%
Island LineShau Kei Wan
56.5%
West Rail LineMei Foo
56.5%
Ma On Sha LineMa On Sha
56.5%
Ma On Sha LineTai Wai
56.5%
Hint Answer % Correct
East Rail LineSheung Shui
55.3%
East Rail LineRacecourse
55.3%
West Rail LineTuen Mun
55.3%
East Rail LineTai Wo
54.1%
Kwun Tong LineLam Tin
54.1%
Tsuen Wan LineKwai Hing
54.1%
Tsuen Wan LineLai Chi Kok
54.1%
West Rail LineYuen Long
54.1%
Tsuen Wan LineKwai Fong
52.9%
Island LineHeng Fa Chuen
52.9%
Tseung Kwan O LinePo Lam
52.9%
West Rail LineTsuen Wan West
52.9%
Tsuen Wan LineCheung Sha Wan
51.8%
South Island LineSouth Horizons
50.6%
East Rail LineFo Tan
49.4%
Tseung Kwan O LineLOHAS Park
49.4%
West Rail LineTin Shui Wai
49.4%
East Rail LineLok Ma Chau
48.2%
East Rail LineFanling
48.2%
Kwun Tong LineTiu Keng Leng
48.2%
Tseung Kwan O LineTiu Keng Leng
48.2%
West Rail LineAustin
48.2%
West Rail LineLong Ping
47.1%
Tsuen Wan LineTai Wo Hau
45.9%
West Rail LineKam Sheung Road
45.9%
South Island LineWong Chuk Hang
44.7%
South Island LineLei Tung
43.5%
Tseung Kwan O LineHang Hau
42.4%
Ma On Sha LineWu Kai Sha
41.2%
West Rail LineHung Hom
37.6%
Ma On Sha LineCity One
37.6%
Ma On Sha LineChe Kung Temple
37.6%
West Rail LineSiu Hong
36.5%
Ma On Sha LineHeng On
35.3%
Ma On Sha LineSha Tin Wai
35.3%
Ma On Sha LineShek Mun
34.1%
Ma On Sha LineTai Shui Hang
31.8%

You're not logged in!

Compare scores with friends on all Sporcle quizzes.
Join for Free
OR
Log In

You Might Also Like...

Show Comments

Extras

Top Quizzes Today


Score Distribution

Your Account Isn't Verified!

In order to create a playlist on Sporcle, you need to verify the email address you used during registration. Go to your Sporcle Settings to finish the process.

Report this User

Report this user for behavior that violates our Community Guidelines.

Details: